Online katalóg knižníc regiónu Turca

Nepríťažlivé dievča (Record no. 22483)

MARC details
000 -LEADER
fixed length control field 01278cam a2200385 a 4500
001 - CONTROL NUMBER
control field 22483
003 - CONTROL NUMBER IDENTIFIER
control field SK-KTurca
005 - DATE AND TIME OF LATEST TRANSACTION
control field 20260330141319.0
008 - FIXED-LENGTH DATA ELEMENTS--GENERAL INFORMATION
fixed length control field 240702s1997 xo gr 000 f slo
015 ## - NATIONAL BIBLIOGRAPHY NUMBER
National bibliography number SNBA1997/1103222
020 ## - INTERNATIONAL STANDARD BOOK NUMBER
International Standard Book Number 8022007986
035 ## - SYSTEM CONTROL NUMBER
System control number SNK000245049
035 ## - SYSTEM CONTROL NUMBER
System control number urn:nbn:sk:snk-amkuav
035 ## - SYSTEM CONTROL NUMBER
System control number urn:nbn:sk:snk-am004pzu
035 ## - SYSTEM CONTROL NUMBER
System control number 4843AF08-C0B3-4B63-8871-9EF9225572F9
040 ## - CATALOGING SOURCE
Original cataloging agency SNK
Language of cataloging slo
Transcribing agency SNK
Description conventions AACR2
041 1# - LANGUAGE CODE
Language code of text/sound track or separate title slo
Language code of original eng
044 ## - COUNTRY OF PUBLISHING/PRODUCING ENTITY CODE
MARC country code xo
ISO country code SK
072 #7 - SUBJECT CATEGORY CODE
Subject category code 821.111(73)-3
Subject category code subdivision Americká próza
Source konspekt
080 ## - UNIVERSAL DECIMAL CLASSIFICATION NUMBER
Universal Decimal Classification number 821.111(73)-3
Edition identifier 2001
080 ## - UNIVERSAL DECIMAL CLASSIFICATION NUMBER
Universal Decimal Classification number 821.111(73)-32
Edition identifier 2001
100 1# - MAIN ENTRY--PERSONAL NAME
Personal name Miller, Arthur,
Dates associated with a name 1915-2005
Relationship aut
240 10 - UNIFORM TITLE
Uniform title Plain girl
Language of a work Slovensky
245 10 - TITLE STATEMENT
Title Nepríťažlivé dievča
Remainder of title príbeh jedného života
Statement of responsibility, etc. Arthur Miller ; [z anglického originálu preložil Pavel Vilikovský]
260 ## - PUBLICATION, DISTRIBUTION, ETC.
Place of publication, distribution, etc. Bratislava
Name of publisher, distributor, etc. Slovenský spisovateľ
Date of publication, distribution, etc. c1997
300 ## - PHYSICAL DESCRIPTION
Extent 80 s.
Dimensions 17 cm
500 ## - GENERAL NOTE
General note Údaj o prekl. prevzatý z rubu tit. strany
655 #7 - INDEX TERM--GENRE/FORM
Genre/form data or focus term americké novely
Source of term SNKPH
655 #7 - INDEX TERM--GENRE/FORM
Genre/form data or focus term spoločenské novely
Source of term SNKPH
700 1# - ADDED ENTRY--PERSONAL NAME
Personal name Vilikovský, Pavel,
Dates associated with a name 1941-2020
Relationship trl
911 ## - EQUIVALENCE OR CROSS-REFERENCE-CONFERENCE OR MEETING NAME [LOCAL, CANADA]
Meeting name or jurisdiction name as entry element KN 1997/11
Number [OBSOLETE] 03222
942 ## - ADDED ENTRY ELEMENTS (KOHA)
Source of classification or shelving scheme Dewey Decimal Classification
Koha item type Krásna literatúra pre dospelých
Suppress in OPAC No
Holdings
Stav vyradenia Strata Poškodenie Spôsob nadobudnutia Domovská knižnica Aktuálna knižnica Dátum nadobudnutia Total checkouts Čiarový kód exemplára Date last seen Typ exemplára
      Dar Obecná knižnica Horná Štubňa Obecná knižnica Horná Štubňa 30.03.2026   4736202047 30.03.2026 Krásna literatúra pre dospelých
Projekt je podporený Slovenskou asociáciou knižníc
Prevádzkuje Turčianska knižnica Martin 2026